• 首页
  • 本馆介绍
  • 公告通知
  • 最新文献
  • 馆藏检索
  • 电子资源
  • 读者导购
  • 参考咨询
  • 我的图书馆
  • 登录
  • 详细信息显示
  • 放入我的书架
  • 预约/预借图书
  • 作者相关作品
  • 分类相关作品
  • 丛书相关作品
  • 出版社相关作品

书目信息

  • 表格格式
  • 工作单格式
  • 卡片格式
题名:
中共唐山年鉴
    
 
作者: 孟祥林 主编 ;中共唐山年鉴编委会 编
分册: 2005年卷  
出版信息: 北京   中央文献出版社  2005
页数: 629页
开本: 26cm
丛书名:
单 册:
中图分类: D235.223-54 , D235.223-54
科图分类:
主题词: 中国共产党
电子资源:
ISBN: 7-5073-2021-9
000 01096nam0 2200301 450
001 1331912563
005 20130423085347.48
010    @a7-5073-2021-9@b精装@dCNY136.00
090    @aD23@bmxl
096    @aD23@bmxl
100    @a20060105d2005 emky0chiy50 ea
101 0  @achi
102    @aCN@b110000
105    @aab igz 000yy
106    @ar
200 1  @a中共唐山年鉴@h2005年卷@b专著@f孟祥林主编@g中共唐山年鉴编纂委员会编@Azhong gong tang shan nian jian
210    @a北京@c中央文献出版社@d2005
215    @a629页@c地图,彩照@d26cm
330    @a本年鉴以记述2004年度情况为限。全书分施政纲要、党务工作、政务工作、群团工作、军事工作、政法工作、院校工作、企业工作等14个类目。
601 02 @a中国共产党
601 02 @a中国共产党@x工作@y唐山@z2005@j年鉴
606 0  @a中国共产党
690    @aD235.223-54@v4
690    @aD235.223-54@v4
701  0 @a孟祥林@c(党史研究)@4主编@Ameng xiang lin
712 02 @a中共唐山年鉴编委会@4编@Azhong gong tang shan nian jian bian wei hui
801  0 @aCN@b大连网信软件有限公司图书馆·11@c20130423
905    @aZUCC@dD235.223-54@e202(2005)
    
    中共唐山年鉴.2005年卷/孟祥林主编/中共唐山年鉴编纂委员会编.-北京:中央文献出版社,2005
    629页:地图,彩照;26cm
    
    
    ISBN 7-5073-2021-9(精装):CNY136.00
    本年鉴以记述2004年度情况为限。全书分施政纲要、党务工作、政务工作、群团工作、军事工作、政法工作、院校工作、企业工作等14个类目。
●
相关链接 在E读中查询图书 在五车中查询图书 在当当中查询图书 在豆瓣中查询图书


正题名:中共唐山年鉴     索取号:D235.223-54/202(2005)         预约/预借

序号 登录号 条形码 馆藏地/架位号 状态 备注
1 0625668   206256683   第一样本阅览室/ [索取号:D235.223-54/202(2005)] 在馆    
唐山师范学院图书馆 欢迎您!
大连网信软件有限公司© 版权所有